Logos of Cabinet Departments - Statistics

General Stats
  • This quiz has been taken 14 times
    13 since last reset
  • The average score is 8 of 15
Answer Stats
Picture Answer % Correct
Department of Agriculture
100%
Department of Defense
100%
Department of State
88%
Department of the Interior
88%
Department of Energy
63%
Department of Homeland Security
63%
Department of Health and Human Services
50%
Department of the Treasury
50%
Department of Justice
38%
Department of Labor
38%
Department of Commerce
25%
Department of Education
25%
Department of Transportation
25%
Department of Veterans Affairs
25%
Department of Housing and Urban Development
13%
No matching quizzes found
Score Distribution
Percent of People with Each Score
Percentile by Number Answered
Your Score History
You have not taken this quiz since the last reset